[Event "FIDE-Wch k.o."]
[Site "Groningen"]
[Date "1997.12.13"]
[Round "2.5"]
[White "Sadler, Matthew D"]
[Black "Ehlvest, Jaan"]
[Result "1-0"]
[WhiteElo "2665"]
[BlackElo "2610"]
[Annotator "Ribli,Z"]
[PlyCount "85"]
[EventDate "1997.12.09"]
[EventType "k.o."]
[EventRounds "7"]
[EventCountry "NED"]
[SourceTitle "CBM 063"]
[Source "ChessBase"]
[SourceDate "1998.03.26"]
[SourceVersion "1"]
[SourceVersionDate "1998.03.26"]
[SourceQuality "1"]

1. d4 {Hecht} g6 2. e4 Bg7 3. c4 d6 4. Nc3 e5 {Der Alternativzug 4...Nf6
leitet in die Königsindische Verteidigung über. Die Partiefortsetzung ist
Ehlvests Lieblingsvariante.Ribli.} 5. dxe5 {Die andere Hauptvariante ist 5.Nf3,
möglicherweise mit der klassischen Fortsetzung Be3 und Be2.} dxe5 6. Qxd8+ {
Mit dem frühen Damentausch spielt Weiß nicht auf remis, er hat andere Gedanken
im Kopf. Schwarz verliert die Möglichkeit zur Rochade und hat praktisch in der
ganzen Partie Probleme mit der Platzierung seines Königs.} Kxd8 {[%csl Yd4]
Weiß hat zwar eine "ewige" Schwäche auf d4, aber Schwarz muß wegen der
schlechten Königstellung mit Problemen bei der Koordination seiner Figuren
kämpfen.} 7. f4 Nc6 8. Nf3 Nd4 $5 9. Kf2 (9. Bd3) 9... exf4 {Schwarz öffnet
die Diagonale für den Läufer, ohne den Springer auf f3 zu tauschen.} (9... Nxf3
10. gxf3 f6 (10... Be6 11. Be3 exf4 12. Rd1+ Kc8 13. Bxf4 Bxc3 14. bxc3 Ne7 15.
Bg5 Nc6 16. Bf6 Re8 {1/2-1/2 Estremera Panos,S-Sutovskij,E/EU-chTM 1997 (24)})
(10... c6 11. Be3 Kc7 (11... exf4 12. Rd1+ Ke8 13. Bxf4 Be6 14. Na4 b6 15. c5 {
1-0 Bakic,R-Strikovic,A/JUG-ch 1991 (22)}) 12. Rc1 Ne7 13. Bc5 Re8 14. Rd1 exf4
15. Bd6+ Kb6 16. b4 a5 17. Bc5+ Kc7 18. Bd6+ Kb6 19. Na4+ Ka7 20. Bc5+ Kb8 21.
Bd6+ Ka7 22. Bc5+ Kb8 23. Nb6 axb4 24. Nxa8 Kxa8 25. Bxb4 {1-0 Kerek,C-Juhasz,
M/Budapest FS02 IM-B 1997 (29)}) (10... Ne7 11. h4 h5 12. Be3 Be6 13. Rd1+ Kc8
14. Nd5 Nc6 15. Bh3 Bxh3 16. Rxh3 exf4 17. Bxf4 Rd8 18. Bxc7 Rd7 19. Bb6 Bxb2
20. f4 Bf6 21. Ke1 Kb8 22. Bf2 Bd8 23. Rhd3 {1-0 Kiriakov,P-Gorbatow,A/Moscow6
1995 (39)}) 11. fxe5 fxe5 12. Bg5+ Kd7 13. Rd1+ Kc6 14. c5 a6 15. b4 b5 16. a4
{1-0 Kumaran,D-Georgiev,V/WchJM-U18 1992 (23)}) 10. Bxf4 Ne6 11. Bg3 $5 {
Dieser Läuferzug erscheint mir logischer als die vorhandenen Alternativen. Der
weiße Läufer kontrolliert die zweite wichtige schwarzfeldrige Diagonale h2-b8.
Nun ist c7-c6 wegen der Schwächung des Feldes d6 immer ein riskanter Zug, und
ohne c7-c6 kommt Weiß zu Nd5.} (11. Bd2 Nf6 12. h3 Nd7 {[%cal Gd7e5]} 13. Bd3
Ne5 14. Be2 c6 15. Na4 Nxf3 16. Bxf3 $6 (16. gxf3) 16... Kc7 17. Bc3 Bxc3 18.
Nxc3 Nc5 19. Rhd1 a5 $15 20. Rac1 Re8 {Petursson,M-Ehlvest,J/Erevan olm 1996/
0-1 (86)}) 11... Bd7 (11... Nh6 12. Bd3 Bxc3 13. bxc3 f6 14. Rhe1 Bd7 15. Rad1
Ke8 16. Kg1 Nf7 17. e5 f5 18. c5 Nfd8 19. Bf2 Rg8 20. Bc4 Rg7 21. Rd2 Bc6 22.
Nd4 {1-0 Petursson,M-Nikolaidis,I/Athens op 1993 (30)}) 12. Rd1 {[%cal Gd1d8]}
Kc8 13. Bd3 (13. Nd5 Bxb2) 13... Ne7 14. Nd5 $36 {[%csl Gd5]} Re8 (14... Nxd5
15. cxd5 Nc5 16. b4 Nxd3+ 17. Rxd3 $14 {[%csl Rc8][%cal Rh1c1,Rc1c8]}) 15. e5 {
[%csl Yf6]} (15. Bh4 Nxd5 16. cxd5 Nc5 $15) 15... Nc5 (15... c6 16. Nf6 Bxf6 (
16... Rh8 $2 17. Nxd7 Kxd7 18. Bxg6+ $16) 17. exf6 $14 {[%cal Gg3b8] Weiß hat
starke Kontrolle auf den schwarzen Feldern.}) 16. Nf6 (16. Bc2 Bf5 17. Nxe7+
Rxe7 18. Bxf5+ gxf5 $11 {[%cal Gc5e4]}) 16... Bxf6 17. exf6 $14 Nf5 (17... Nc6
18. Bc2 Ne4+ 19. Bxe4 Rxe4 20. b3 $14) 18. Bf4 Ne4+ (18... Nxd3+ 19. Rxd3 {
[%csl Rc8]}) 19. Bxe4 Rxe4 20. g3 Bc6 (20... Rxc4 $2 21. Rxd7 Rc2+ (21... Kxd7
22. Ne5+ $18) 22. Rd2 $18) 21. Rhe1 Rxc4 (21... b6 22. Rxe4 Bxe4 23. Ng5 {
[%cal Rg5e4,Rg5h7,Rg5f7]}) (21... Rxe1 22. Rxe1 {[%cal Rf3g5]} Bxf3 23. Re8+
$16) 22. Ne5 Rc2+ 23. Kg1 b6 24. Rc1 $1 (24. Nxc6 Rxc6 25. Re8+ Kb7 26. Rxa8
Kxa8 27. Rd7 Rxf6 $15) (24. Nxf7 Rg2+ 25. Kf1 Rxh2 $132) 24... Rxc1 (24... Rg2+
$2 25. Kf1 Bd5 26. Rcd1 Bb7 27. Nxf7 $16) 25. Rxc1 Bd5 26. Nxf7 c5 $8 (26...
Bxf7 27. Rxc7+ Kd8 28. Rxf7 $18 {[%csl Ra8,Rd8,Gf4,Gf6,Gf7]}) 27. Ne5 Kb7 28.
Rd1 Nd4 (28... Rd8 $5 {Es macht keinen Sinn, den Turm von sich aus in die
Feßlung zu stellen.} 29. f7 (29. Nf7 Rd7 (29... Rf8 30. Rxd5 (30. Nd6+ Nxd6 31.
Bxd6 Rxf6 32. Rxd5 Kc6 $17 33. Be5 (33. Be7 Re6) 33... Re6) 30... Rxf7 31. g4
Nd4 $11 {[%csl Rf6][%cal Rd4e2,Re2f4,Re2g1]}) 30. Ne5 Rd8 $11) (29. Rxd5 $1
Rxd5 30. f7 Rd8 31. Nd7 $1 $18) 29... Nd4 30. Kf2 $5 $14 (30. Bh6 Bxf7 31. Nxf7
$6 (31. Rxd4 Rxd4 32. Nxf7 Kc6 $15) 31... Nf3+ 32. Kf2 Rxd1 33. Kxf3 Rf1+ $19)
(30. Rxd4 cxd4 31. Bh6 d3 32. f8=Q Rxf8 33. Bxf8 d2 $19) 30... Bxf7 $2 (30...
Rf8 31. Bh6 Rxf7+ 32. Nxf7 Bxf7 $16) 31. Nxf7 Rf8 32. Nd6+ (32. Ne5 g5 $11)
32... Kc6 33. Ne4 $18) 29. Be3 Nf3+ (29... Re8 30. f7 Bxf7 (30... Rf8 31. Bh6
Rxf7 32. Nxf7 Bxf7 33. Be3 $16) 31. Bxd4 cxd4 32. Nxf7 Re2 $16) (29... Bxa2 30.
Bxd4 cxd4 31. Rxd4 $16 {[%csl Gd4,Ge5,Gf6]}) 30. Nxf3 Bxf3 {[#] Hecht:  Klarer
weißer Vorteil aufgrund des starken f-Freibauern und des alsbald entstehenden
Mehrbauern. Grober taktischer Schnitzer im 40.Zug. Taktisches Endspiel. Dafür
eine Medaille!} 31. Rd7+ $16 Kc6 32. Rxh7 {Weiß hat einen Bauern gewonnen,
aber was noch wichtiger ist, seine Figuren stehen sehr aktiv und der Pf6 ist
gefährlich.} Rf8 33. Bg5 a5 34. Kf2 Bd5 35. a3 (35. b3 $6 a4 $14) 35... Rf7 $6
{[%csl Rf7] Der Turm steht sehr passiv auf f7, aber die schwarze Stellung ist
in der Tat schwer zu spielen.} (35... a4 36. Ke3 $16) 36. Rh6 Be4 37. Ke3 Bb1
38. Rh8 {[%csl Rf7,Gh8]} Rd7 39. Rg8 {[%cal Gg8g7,Rf6f8]} b5 40. h4 (40. Rg7 $5
) 40... Kd5 $2 {Hecht: verstellt die wichtige Diagonale a2-g8 und führt
unmittelbar zum Verlust.} (40... a4 41. Rg7 $18) (40... b4 {Hecht} 41. Rg7 bxa3
42. bxa3 Rxg7 43. fxg7 Ba2 44. g4 $16) 41. Rg7 $18 {Schwarz kann nichts mehr
gegen die Umwandlung des f-Bauern ausrichten.} Ke6 (41... Rd8 42. f7 Rf8 43.
Be7 $18) 42. Rxd7 Kxd7 43. f7 {[%cal Rg5d8] Und wegen der unabwendbaren
Umwandlung des Bauern gab Schwarz auf.} 1-0

[Event "Belgrade olympia hopes"]
[Site "Belgrade"]
[Date "2002.06.27"]
[Round "2"]
[White "Ivanisevic, Ivan"]
[Black "Solak, Dragan"]
[Result "1-0"]
[WhiteElo "2547"]
[BlackElo "2522"]
[Annotator "Ribli,Z"]
[PlyCount "63"]
[EventDate "2002.06.26"]
[EventType "schev"]
[EventRounds "5"]
[EventCountry "YUG"]
[SourceTitle "CBM 091"]
[Source "ChessBase"]
[SourceDate "2002.11.12"]
[SourceVersion "1"]
[SourceVersionDate "2002.11.12"]
[SourceQuality "1"]

1. d4 d6 2. Nf3 g6 3. c4 Bg7 4. Nc3 c5 5. e4 (5. d5 Bxc3+ 6. bxc3 f5) 5... Nc6
(5... cxd4 6. Nxd4 Nc6 7. Be3 Nf6 8. Be2 $14 {Das ist mit Zugumstellung eine
bekannte Stellung der Sizilianischen Verteidigung.(1.e4 c5 2.Nf3 Nc6 3.d4 cxd4
4.Nxd4 g6 5.c4 Bg7 6.Be3 Nf6 7.Nc3 d6 8.Be2).}) 6. d5 Nd4 (6... Na5 7. Be2 Nf6
8. a3 b6 9. b4 Nb7 10. Bd2 O-O 11. O-O e5 12. dxe6 Bxe6 13. Rc1 {1-0 Ribli,
Z-Quinteros,M/Luzern 1985/MCD (38)}) 7. Nxd4 Bxd4 {Dieser Zug scheint mir
sicherer, als die Alternative 7...cxd4.} (7... cxd4 8. Nb5 (8. Na4 Bd7 9. Bd2
Nf6 10. f3 O-O 11. b4 e6 12. Nb2 Nxe4 13. fxe4 Qh4+ 14. Ke2 exd5 15. Qe1 Bg4+
16. Kd3 dxe4+ 17. Kc2 Qf6 {0-1 Videki,S-Seres,L/Budapest 1997/CBM 58 ext (27)})
8... Qb6 9. Bd3 (9. Bf4 a6 10. c5 Qd8 11. Nxd6+ exd6 12. Bxd6 Ne7 13. Bd3 O-O
14. O-O Re8 15. Qb3 g5 16. e5 Ng6 {0-1 Sargissian,G-Minasian,A/Yerevan 2001/
CBM 86 (35)}) (9. c5 $5 dxc5 (9... Qxc5 10. Bd2 $16 {[%cal Ra1c1,Rc1c5]}) 10.
Bf4 $36) 9... a6 10. Na3 e5 11. dxe6 fxe6 12. O-O Ne7 13. Nc2 O-O 14. b4 e5 15.
Ba3 Be6 16. Qe2 Rf7 17. c5 dxc5 18. bxc5 Qc6 19. Rfb1 Raf8 20. f3 Qc8 21. Bc4
Nc6 22. Rb6 Rd8 23. Ne1 {1-0 Jegorovas,A-Sarakauskas,G/Birstonas LIT 2002/(65)}
) 8. Bd3 Bg7 {Schwarz muss mit dem Laufer von d4 selbst zurückgehen, denn nach
8...Nf6? wäre 9.Ne2 unangenehm..} 9. Bg5 {[%mdl 4] Mit diesem Zug möchte Weiß
den Zug h7-h6 provozieren.} (9. O-O Nf6 10. h3 e5 $6 (10... O-O 11. Be3 e6 $14)
11. Bg5 h6 12. Bh4 O-O 13. Rb1 Bd7 14. a3 $14 Qc7 15. Be2 Nh7 16. Qd2 f5 17.
exf5 gxf5 18. f4 e4 $6 (18... exf4 19. Rxf4 (19. Qxf4 Rae8 $14) 19... Ng5 $14)
19. Nd1 $1 {[%cal Gd1e3] 1-0 Khalifman,A-Ivanov,A/St Petersburg 1999/CBM 71/
[Ribli] (42)}) (9. Be3 Nf6 10. h3 O-O 11. Qd2 a6 12. O-O e5 13. b4 cxb4 14. Na4
b5 15. cxb5 axb5 16. Nb6 Ra3 17. Rfd1 Rc3 18. a3 {1-0 Forintos,G-Barcza,G/
Kecskemet 1968/EXT 99 (27)}) 9... Nf6 10. h3 {Ein prophylaktischer Zug - Weiß
verhindert die Möglichkeit Ng4.} h6 (10... O-O 11. Qd2 $14) 11. Be3 O-O 12. Qd2
Kh7 13. O-O $14 {Weiß hat eine starke Zentrumstellung und Raumvorteil, die
schwarze Stellung ist etwas passiv.} (13. e5 Nd7 14. f4 dxe5 15. f5) 13... e5 (
13... a6 14. e5 $14 (14. f4 $14)) 14. f4 $1 {[%mdl 32] Weiß öffnet die
Stellung am Königsflügel und Schwarz kann das Manöver Nd7-Ne5 nicht ausführen.}
(14. a3 $14 {[%cal Gb2b4] Dieser Plan wäre typisch in solchen Stellungen, aber
der Textzug ist viel einfacher.}) 14... exf4 (14... Nd7 15. f5 $16) 15. Bxf4
Qe7 {[%cal Gf6d7,Gd7e5] Jetzt droht schon 16...Nd7 mit der Idee 17...Ne5.} (
15... a6 16. e5 $16) (15... Nh5 16. Bh2 $14) 16. Nb5 $1 (16. Rae1 $6 {Dieser
Zug wäre sehr schablonenhaft.} Nd7 $15 {[%cal Gd7e5]}) 16... Rd8 (16... Ne8 17.
Rf3 $14) 17. Rae1 {[%cal Ge4e5]} Nh5 (17... a6 $2 18. Nxd6 Rxd6 19. Bxd6 Qxd6
20. e5) 18. Bh2 a6 19. Nc3 Bd4+ (19... Be5 20. Bxe5 dxe5 21. Rf3 $14 {[%cal
Ge1f1]}) 20. Kh1 Kg7 21. Rf3 {[%cal Ge1f1,Gf1f7]} Qg5 22. Qc2 (22. Qxg5 $6 hxg5
23. Ref1 f6 24. g4 Nf4 25. Bxf4 gxf4 26. Rxf4 Be5 $44) 22... Be5 23. g4 (23.
Ref1 $5) 23... Qh4 (23... Nf4 24. Ref1 $16) (23... Nf6 24. Ref1 $16) 24. Qf2 $1
$16 {Nach diesem Zug muss Schwarz die Damen tauschen und plötzlich befindet er
sich in einer sehr passiven Stellung.} (24. Ref1 Bxg4 25. Rxf7+ Kg8 26. hxg4
Ng3+ 27. Kg1 Nxf1 28. Rxf1 Bd4+ 29. Kg2 Rf8 $132) 24... Qxf2 25. Rxf2 Bxh2 (
25... Ng3+ $2 26. Kg2 $18) 26. Kxh2 Nf6 27. e5 $1 $18 {Weiß opfert den
e-Bauern, was die Partie sofort entscheidet.} (27. Ref1 Nd7 28. Rxf7+ Kg8 $16 {
[%cal Gd7e5]}) 27... dxe5 28. Ref1 Rd6 (28... Nd7 29. Rxf7+ Kg8 30. Bxg6 $18)
29. Ne4 Nxe4 30. Rxf7+ Kg8 31. Rf8+ Kg7 32. R1f7# 1-0

[Event "EU-Cup 18th"]
[Site "Kallithea"]
[Date "2002.09.26"]
[Round "5.2"]
[White "Blagojevic, Dragisa"]
[Black "Beaumont, Chris"]
[Result "1-0"]
[WhiteElo "2537"]
[BlackElo "2318"]
[Annotator "Ribli,Z"]
[PlyCount "81"]
[EventDate "2002.09.22"]
[EventType "team-swiss"]
[EventRounds "7"]
[EventCountry "GRE"]
[SourceTitle "CBM 092"]
[Source "ChessBase"]
[SourceDate "2003.02.06"]
[SourceVersion "1"]
[SourceVersionDate "2003.02.06"]
[SourceQuality "1"]
[WhiteTeam "Sarajevo Napredak"]
[BlackTeam "Bristol"]
[WhiteTeamCountry "BIH"]
[BlackTeamCountry "ENG"]

1. d4 g6 2. c4 Bg7 3. Nf3 d6 4. g3 Nd7 (4... c5 $5) 5. Bg2 e5 6. Nc3 Ne7 {
Statt dieser Fortsetzung fuehrt 6...Ngf6 zur g3-Variante der Koenigsindischen
Verteidigung. Nach meiner persoenlichen Meinung bietet 6...Ngf6 Schwarz
bessere Ausgleichschancen.} 7. O-O O-O 8. e4 exd4 9. Nxd4 Nc6 (9... Ne5 10. b3
N7c6 11. Nde2 f5 12. f4 Ng4 13. exf5 gxf5 14. h3 Nf6 15. Bb2 Be6 16. Qd2 Qd7
17. Nd5 {1-0 Eingorn,V-Jakobsen,O/Hamburg 1999/EXT 2001 (36)}) 10. Nde2 {
Dieser Zug bietet Weiss mehr Chancen auf Eroeffnungsvorteil als der
Springertausch auf c6. Im allgemeinen ist es mit Raumvorteil notwendig, so
viele Figuren wie moeglich auf dem Brett zu behalten.} (10. Nxc6 bxc6 11. Qc2
Ne5 12. b3 Qf6 13. Bb2 Nf3+ 14. Kh1 Bg4 $11) 10... Nc5 (10... Nde5 11. b3 f5
12. f4 Nf7 13. Bb2 fxe4 14. Qd2 e3 15. Qxe3 Ne7 16. Qd2 c6 17. Ne4 {1-0 Seres,
L-Belotelov,D/Budapest 2000/CBM 74 ext (26)}) (10... a5 11. Be3 Re8 12. b3 a4
13. Rb1 axb3 14. axb3 Nf6 15. h3 Bd7 16. Qd2 Qc8 17. Kh2 Ra5 18. Nf4 $14 {
1/2-1/2 Khurtsidze,N-Chiburdanidze,M/Shenyang 2000/CBM 79 (24)}) 11. Be3 Re8 {
Dieser Zug scheint mir ein wenig schablonenhaft. Ich glaube, Schwarz muss
statt der Partiefortsetzung besser 11...f5 spielen.} (11... f5 12. exf5 (12.
Qd2 fxe4 13. Nxe4 Nxe4 14. Bxe4 Bh3 15. Rfe1 Qf6 16. Nf4 Bf5 17. Nd5 Qxb2 18.
Qxb2 Bxb2 19. Bxf5 gxf5 20. Rab1 Bg7 21. Rxb7 {1-0 Panno,O-Vidal,J/Mar del
Plata 1998/CBM 63 ext (59)}) 12... Bxf5 13. Qd2 a5 14. Rad1 Kh8 (14... a4 15.
Nd4 Nxd4 16. Bxd4 Bxd4 17. Qxd4 Qf6 18. Nb5 $1 Qxd4 19. Rxd4 Rac8 20. Re1 Bd7
21. Re7 $14 {Ribli. 1-0 Nikolic,P-Damljanovic,B/Manila 1990/CBM 19/[Ribli] (42)
}) 15. Nd4 Nxd4 16. Bxd4 Bxd4 17. Qxd4+ $14 {1-0 Khasin,A-Terentiev,V/Smolensk
2000/CBM 77/[Ribli] (51)}) (11... Ne5 12. b3 b6 13. f4 Ng4 14. Bd4 Bb7 15. Nd5
Nf6 16. Nec3 {1-0 Hjartarson,J-Stefansson,H/Reykjavik 1995/CBM 51 ext (39)})
12. Qd2 $14 {[%csl Yd5] Weiss hat Raumvorteil und er kontrolliert sehr stark
das Zentrumsfeld d5, das ein positionelles Loch in der schwarze Stellung
bedeutet. Andererseits ist die Diagonale des Läufers g2 geschlossen.} Ne5 13.
b3 Bh3 {Auf diese Weise kann Schwarz den weissfarbigen Läufer tauschen, aber
in diesem Fall befreit er Weiss damit vom "schlechten" Läufer. Das Problem ist
fuer Schwarz, dass er nur schwer aktives Gegenspiel findet.} (13... Ne6 $6 {
Schwarze Idee ist mit 14...Ng4 den e3-Laufer tauschen.} 14. h3 $14) 14. Rad1
Bxg2 15. Kxg2 Qc8 (15... Ng4 16. Bd4 $14 (16. Bxc5 dxc5 17. h3 $14)) 16. f3 $1
{[%mdl 32] Weiss verstaerkt sein Bauernzentrum.} (16. h3 {Mit diesem Zug
konnte Weiss 17.f2-f4 vorbereiten, aber in diesem Fall waere der e4P
angreifbar.}) 16... h5 (16... a6) 17. Nd5 {[%csl Gd5]} h4 $6 {Schwarz opfert
einen Bauern, aber ich sehe keine Kompensation. Es waere wahrscheinlich besser
eine Abwartetaktik zu verfolgen.} (17... c6 18. Ne7+ $1 {Wirklich ein
originelles Motiv.} (18. Ndc3 $14) 18... Rxe7 19. Qxd6 Rd7 20. Qxc5 $16) (17...
a6 {[%cal Gb7b5]}) 18. gxh4 $1 (18. g4 $14) 18... c6 19. Ndc3 (19. Ne7+ $2 Rxe7
20. Qxd6 Ne6 21. Qxe7 Bf8 22. Qf6 Bg7 $11) (19. Ndf4) 19... Rd8 20. Ng3 $16 {
[%cal Gh4h5] Im Folgenden kann Weiss sich mit 21.h5 von dem Doppelbauern
befreien und noch dazu die schwarze Koenigsstellung schwächen.} a6 21. h5 b5 {
Dieses Gegenspiel kommt zu spaet.} 22. hxg6 fxg6 23. f4 Ng4 (23... Ned3 24. f5
$40) 24. Bd4 bxc4 25. Bxg7 (25. bxc4 $16) 25... Kxg7 26. Qd4+ (26. bxc4 Qe6 27.
Qd4+ $16) 26... Kh7 27. h3 Ne6 (27... Nh6 28. Qxc4 $16) 28. Qd2 {Natuerlich
nicht 28.Qxc4?? wegen 28...Ne3+ mit Damengewinn.} Nh6 29. f5 $1 {Der Angriff
ist wichtiger als ein Bauer am Damenfluegel.} (29. bxc4 $16) 29... gxf5 30.
exf5 Nc5 31. b4 $5 {Weiss lässt den c4-Bauern stehen und verjagt lieber den
Springer von c5, weil er seinem Springer das e4-Feld verschaffen möchte.} (31.
bxc4 $16) 31... Nd3 32. Nce4 {[%csl Ge4,Gf5,Gg3,Rh7][%mdl 128] Weiss hat
entscheidenden Angriff - es droht jetzt 33.Nf6+ mit sofortigem Gewinn.} Nf7 33.
Qe2 {[%cal Re2h5,Rh5h7]} Nde5 34. Nxd6 {Dieser Zug gewinnt auch, aber Weiss
hat schon verschiedene gute Fortsetzungen.} (34. Qh5+ Kg8 35. Ng5 Nxg5 36.
Qxg5+ Kf7 37. f6 Rg8 38. Qh5+ $18) 34... Rxd6 (34... Nxd6 35. Qxe5 $18) 35.
Rxd6 Nxd6 36. Qxe5 {Weiss hat nicht nur einen Bauern mehr, sondern - und das
ist viel wichtiger - der gegnerische Koenig ist nicht zu verteidigen.} Nf7 37.
Qf6 $18 Qc7 (37... Qd7 38. Ne4 $18) 38. Qg6+ Kh8 39. f6 Ne5 (39... Rg8 40. Qh5+
$18) 40. Qh5+ Kg8 41. Rf5 (41. Nf5 $18) 1-0

[Event "Tilburg"]
[Site "Tilburg"]
[Date "1993.??.??"]
[Round "2"]
[White "Cvitan, Ognjen"]
[Black "Azmaiparashvili, Zurab"]
[Result "1/2-1/2"]
[WhiteElo "2550"]
[BlackElo "2630"]
[Annotator "Ribli,Z"]
[PlyCount "80"]
[EventDate "1993.11.??"]
[EventType "k.o."]
[EventRounds "7"]
[EventCountry "NED"]
[SourceTitle "CBM 039"]
[Source "ChessBase"]
[SourceDate "1994.04.01"]
[SourceVersion "1"]
[SourceVersionDate "1994.04.01"]
[SourceQuality "1"]

1. d4 d6 2. Nf3 g6 3. c4 Bg7 4. Nc3 e5 5. e4 exd4 6. Nxd4 Ne7 7. h4 (7. Be3 $5)
7... O-O 8. h5 c5 9. Ndb5 (9. Nb3 $13 {Gelfand,B-Azmayparashvili,Z/Wijk op/
1993/CBM34/INF56,62/}) 9... Nbc6 10. hxg6 fxg6 11. Be3 a6 12. Nxd6 Qa5 (12...
Be6 13. Nxb7 Qb6 14. Qb3 $16) 13. Nxc8 Raxc8 14. Qd2 Nb4 $1 (14... Rcd8 15. Nd5
$1 Qxd2+ 16. Kxd2 $16) 15. Be2 Rcd8 16. Qc1 Bd4 (16... Nd3+ $2 17. Bxd3 Rxd3
18. O-O Bxc3 19. bxc3 Rxc3 20. Qb2 $16) 17. O-O Bxe3 18. fxe3 (18. Qxe3 $2 Nc2)
18... Rxf1+ 19. Qxf1 Rf8 (19... Nc2 $2 20. Qf6 Nxa1 21. Bg4 $36) 20. Qd1 Qc7
21. Qd2 Qg3 22. Rf1 Rxf1+ 23. Kxf1 Kf7 24. a3 Nbc6 25. Nd5 Qh4 26. Nf4 Qf6 (
26... Qh1+ 27. Kf2 Qh4+ 28. Kg1 $14) 27. Kg1 Ne5 28. b4 N5c6 29. Bg4 Qa1+ 30.
Kh2 cxb4 31. axb4 Qe5 32. b5 (32. g3 Qxe4 $13) 32... axb5 33. cxb5 Qxb5 34.
Be6+ Kg7 35. Bd5 Qb4 36. Ne6+ Kg8 37. Nc5+ (37. Qa2 Nxd5 38. exd5 (38. Qxd5 Qe7
39. Nd8+ Kg7 40. Nxc6 bxc6 41. Qxc6 Qh4+ 42. Kg1 Qe1+ 43. Kh2 Qh4+ $10) 38...
Qh4+ 39. Kg1 Qe1+ 40. Kh2 Qh4+ $10) (37. Qf2 Nxd5 38. exd5 Ne5 $13) 37... Kg7
38. Ne6+ Kg8 39. Nc5+ Kg7 40. Ne6+ Kg8 1/2-1/2

[Event "Kuala Lumpur"]
[Site "Kuala Lumpur"]
[Date "1994.??.??"]
[Round "2"]
[White "Chiburdanidze, Maia"]
[Black "Gaprindashvili, Nona"]
[Result "1-0"]
[WhiteElo "2520"]
[BlackElo "2365"]
[Annotator "Ribli,Z"]
[PlyCount "89"]
[EventDate "1994.03.??"]
[EventType "tourn"]
[EventRounds "10"]
[EventCountry "MAS"]
[EventCategory "10"]
[SourceTitle "CBM 041"]
[Source "ChessBase"]
[SourceDate "1994.08.01"]
[SourceVersion "1"]
[SourceVersionDate "1994.08.01"]
[SourceQuality "1"]

1. d4 d6 2. c4 e5 3. Nc3 Nd7 4. Nf3 g6 5. e4 Bg7 6. Be2 c6 7. O-O f6 $6 8. d5
$5 (8. Be3 Nh6 9. dxe5 dxe5 10. Nd2 Qe7 $1 11. a3 O-O 12. b4 Rd8 13. c5 Nf8 14.
Bc4+ Be6 $10 {Polgar,Zsu-Gaprindashvili,N/Shanghai ctW/1992/CBM33/}) 8... c5 9.
Nb5 Nb6 10. b4 $1 a6 (10... cxb4 11. Be3 a6 12. Nxd6+ Qxd6 13. c5 $16) 11. bxc5
dxc5 12. Nc3 Nh6 13. Be3 Bf8 14. Ne1 Nf7 15. a4 Bd6 (15... a5 16. Nb5 $16) 16.
a5 Nd7 17. Bg4 O-O 18. Nd3 (18. Be6 $5 Kh8 19. Nd3 $16) 18... f5 (18... Qe7 19.
Be6 Kh8 20. Na4 $16) 19. exf5 Nf6 20. Bh3 (20. fxg6 Nxg4 21. gxf7+ Rxf7 22. h3
(22. Ne4 $2 Qh4 23. h3 Nxe3 24. fxe3 Qxe4 $19) 22... Nxe3 23. fxe3 $16) 20...
gxf5 21. f4 $1 exf4 (21... e4 22. Nxc5 $18) 22. Bxf4 Bxf4 23. Rxf4 Qc7 (23...
Nh6 24. Nxc5 Qc7 25. Qd4 $18) (23... Nd6 24. Nxc5 Qc7 25. Qd4 Nde4 26. N5xe4
Nxe4 27. Nxe4 $18) 24. Bxf5 Ne5 25. Bxc8 Raxc8 26. Rxf6 $1 Rxf6 27. Nxe5 Qxe5
28. Qg4+ Kf7 29. Qxc8 Qxc3 30. Qxb7+ Kf8 (30... Kg6 $5) 31. Qb8+ Kf7 32. Qc7+
Ke8 (32... Kg6 33. Qg3+ $18) 33. Rb1 Qd4+ 34. Kh1 Qb2 35. Re1+ Kf8 36. Qxc5+
Kg7 37. Qe7+ Kg8 38. h3 Qd4 39. Rb1 Qf4 40. c5 Rf7 41. Qe8+ Kg7 42. d6 Qd4 43.
Rc1 h5 44. c6 Qd2 (44... Qxd6 45. Qxf7+ $1 Kxf7 46. c7 $18) 45. Qe1 1-0